[Event "Berlin Spandau op"]
[Site "Berlin"]
[Date "2019.12.28"]
[Round "4"]
[White "Pedersen, Henrik Bolding"]
[Black "Ahmadinia, Ebrahim"]
[Result "0-1"]
[WhiteElo "2132"]
[BlackElo "2460"]
[PlyCount "152"]
[EventDate "2019.12.27"]
[EventType "swiss"]
[EventRounds "7"]
[EventCountry "GER"]
[SourceTitle "CBM 194 Extra"]
[Source "ChessBase"]
[SourceDate "2020.03.31"]
[SourceVersion "1"]
[SourceVersionDate "2020.03.31"]
[SourceQuality "1"]

1. Nf3 g6 2. d4 Bg7 3. c3 d6 4. e4 Nf6 5. Bd3 0-0 6. 0-0 Nbd7 7. Re1 e5 8. h3 Re8 9. a4 d5 10. dxe5 Nxe5 11. Nxe5 Rxe5 12. Bf4 Re8 13. Nd2 Nh5 14. Bh2 d4 15. cxd4 Bxd4 16. Qc2 c6 17. Nf3 Bb6 18. Bc4 Bc7 19. Bxc7 Qxc7 20. Ng5 Re7 21. Qc3 h6 22. Nf3 Be6 23. Rad1 Bxc4 24. Qxc4 Rd8 25. e5 Ng7 26. Qf4 Kh7 27. Qe3 a5 28. Qb3 Red7 29. Rxd7 Qxd7 30. Qb6 Ra8 31. Qb3 Ne6 32. Rd1 Qe7 33. Rd6 Ng5 34. Nxg5+ hxg5 35. Rf6 Kg7 36. Rf3 Rd8 37. Qc3 Qb4 38. Qe3 Re8 39. Qxg5 Qe1+ 40. Kh2 Qxe5+ 41. Qxe5+ Rxe5 42. Kg3 Rg5+ 43. Kh2 Rc5 44. Kg3 b5 45. axb5 cxb5 46. Rd3 Rc2 47. b3 Kf6 48. Kf3 Ke6 49. Ke3 Rb2 50. g3 Ke5 51. f4+ Ke6 52. Kd4 a4 53. bxa4 bxa4 54. Ra3 Rb4+ 55. Kc5 Rb3 56. Rxa4 Rxg3 57. Kd4 Kf5 58. Ra7 f6 59. h4 Rh3 60. Rh7 Kxf4 61. Kd5 Kf5 62. Kd6 g5 63. h5 g4 64. Ke7 Kg5 65. Rg7+ Kxh5 66. Kxf6 Rf3+ 67. Ke5 Kh4 68. Ke4 Kh3 69. Rg8 Rf7 70. Ke3 g3 71. Rh8+ Kg2 72. Rg8 Kh2 73. Rh8+ Kg1 74. Ra8 g2 75. Ra6 Rh7 76. Ra2 Kh1 0-1

[Event "Berlin Werner Ott op"]
[Site "Berlin"]
[Date "2018.07.06"]
[Round "7"]
[White "Kather, Yannick"]
[Black "Ahmadinia, Ebrahim"]
[Result "0-1"]
[WhiteElo "2053"]
[BlackElo "2415"]
[PlyCount "156"]
[EventDate "2018.06.30"]
[EventType "swiss"]
[EventRounds "9"]
[EventCountry "GER"]
[SourceTitle "CBM 185 Extra"]
[Source "ChessBase"]
[SourceDate "2018.07.29"]
[SourceVersion "1"]
[SourceVersionDate "2018.07.29"]
[SourceQuality "1"]

1. e4 g6 2. d4 Bg7 3. Nc3 c6 4. Nf3 d6 5. a4 Nf6 6. Be2 0-0 7. 0-0 a5 8. h3 Nbd7 9. Bg5 e5 10. Qd2 Re8 11. d5 Nc5 12. Qe3 Qc7 13. Bc4 Nh5 14. Nd2 Qb6 15. Rab1 Qb4 16. b3 Nd7 17. Ne2 Nhf6 18. f4 cxd5 19. fxe5 Rxe5 20. c3 Qc5 21. Qxc5 dxc5 22. Bxf6 Nxf6 23. exd5 Bf5 24. Rbd1 Nxd5 25. Nf3 Ne3 26. Nxe5 Bxe5 27. Rxf5 gxf5 28. Rd7 Nxc4 29. bxc4 b6 30. Rb7 Rd8 31. Rxb6 Rd2 32. Kf2 Bxc3 33. Ke3 Bb4 34. Nf4 Rd4 35. Nh5 h6 36. Nf6+ Kf8 37. Rb8+ Kg7 38. Ne8+ Kh7 39. Nf6+ Kg7 40. Ne8+ Kg6 41. Rb6+ Kg5 42. Nd6 f4+ 43. Kf3 Rd3+ 44. Ke4 Re3+ 45. Kd5 Rd3+ 46. Ke4 Re3+ 47. Kd5 h5 48. Ne4+ Kh4 49. Rf6 Rd3+ 50. Kc6 Bd2 51. Rxf7 Be3 52. Nd6 Kg3 53. Rg7+ Kh2 54. Nf5 Bf2 55. Rg5 Rb3 56. Ng7 h4 57. Rg4 Bg3 58. Nh5 f3 59. gxf3 Kxh3 60. Kxc5 Bf2+ 61. Kd5 Rxf3 62. Rg5 Kh2 63. c5 Rc3 64. Kc6 Be3 65. Rf5 h3 66. Nf6 Kg3 67. Ne4+ Kg4 68. Rf7 h2 69. Rh7 Rc2 70. Kb7 Kf3 71. c6 Bf4 72. Ng5+ Kg2 73. Ne6 Bg3 74. c7 Rb2+ 75. Ka6 Rc2 76. Kb7 Bxc7 77. Nxc7 Rc4 78. Rg7+ Kh3 0-1

[Event "Berlin Werner Ott op"]
[Site "Berlin"]
[Date "2018.07.01"]
[Round "2"]
[White "Ahmadinia, Ebrahim"]
[Black "Matitschka, Heinz"]
[Result "1-0"]
[WhiteElo "2415"]
[BlackElo "1939"]
[PlyCount "113"]
[EventDate "2018.06.30"]
[EventType "swiss"]
[EventRounds "9"]
[EventCountry "GER"]
[SourceTitle "CBM 185 Extra"]
[Source "ChessBase"]
[SourceDate "2018.07.29"]
[SourceVersion "1"]
[SourceVersionDate "2018.07.29"]
[SourceQuality "1"]

1. c4 Nf6 2. Nc3 e6 3. e4 d5 4. e5 Ne4 5. Nf3 Nc6 6. Qc2 Nb4 7. Qb1 Bd7 8. d3 Nxc3 9. bxc3 Nc6 10. d4 Be7 11. cxd5 exd5 12. Qxb7 Rb8 13. Qa6 0-0 14. Be2 Rb6 15. Qd3 Na5 16. 0-0 Nc4 17. Nd2 Nxd2 18. Bxd2 Bb5 19. Qe3 Qd7 20. Bd3 Rfb8 21. Rfe1 Bxd3 22. Qxd3 Rb2 23. Bf4 a5 24. a4 R8b6 25. h3 R2b3 26. Re3 Rg6 27. Qc2 Rbb6 28. Rf3 Qc6 29. Bg3 Qe6 30. Rb1 Qd7 31. Rd1 Rgc6 32. Ra1 Rc4 33. Bf4 Qc6 34. Bd2 Qg6 35. Qa2 Qe4 36. Re1 Qg6 37. Kh2 Qc6 38. Ra1 Qg6 39. Bf4 Qc6 40. Bd2 Qg6 41. Rg3 Qf5 42. Be3 Qd7 43. Qc2 Qc6 44. Bd2 Qd7 45. f4 f5 46. exf6 Bxf6 47. Qd3 Re6 48. Qf5 Rd6 49. Qh5 Qf7 50. Qg4 Qe6 51. f5 Qf7 52. Qf3 Rb6 53. Qd3 Rb8 54. Bf4 Rc6 55. Re3 Re8 56. Rxe8+ Qxe8 57. Qb5 1-0

[Event "Berlin Spandau op"]
[Site "Berlin"]
[Date "2017.12.30"]
[Round "7"]
[White "Ahmadinia, Ebrahim"]
[Black "Malek, Daniel"]
[Result "1-0"]
[WhiteElo "2400"]
[BlackElo "2405"]
[PlyCount "79"]
[EventDate "2017.12.27"]
[EventType "swiss"]
[EventRounds "7"]
[EventCountry "GER"]
[SourceTitle "CBM 182 Extra"]
[Source "ChessBase"]
[SourceDate "2018.02.23"]
[SourceVersion "1"]
[SourceVersionDate "2018.02.23"]
[SourceQuality "1"]

1. e4 c6 2. d4 d5 3. Nd2 dxe4 4. Nxe4 Bf5 5. Ng3 Bg6 6. Nh3 Nf6 7. Bc4 Nbd7 8. 0-0 e6 9. Nf4 Qc7 10. Re1 0-0-0 11. Bxe6 fxe6 12. Nxe6 Qb6 13. Nxd8 Qxd8 14. c4 Nb6 15. b3 h5 16. h3 Qd7 17. Bf4 h4 18. Nf1 Bb4 19. Re3 Rd8 20. Be5 Bc5 21. Nh2 Bxd4 22. Qxd4 Qxd4 23. Bxd4 Rxd4 24. Nf3 Rf4 25. Re7 Bh5 26. Ng5 g6 27. Rae1 Rd4 28. R7e6 Rf4 29. g3 hxg3 30. fxg3 Rf5 31. Nf7 Kc7 32. Nd6 Rf3 33. Rxf6 Rxg3+ 34. Kh2 Rd3 35. c5 Nd7 36. Re7 b6 37. Rff7 Rd2+ 38. Kg3 Rd3+ 39. Kh4 Rd4+ 40. Kg5 1-0

[Event "Berlin Spandau op"]
[Site "Berlin"]
[Date "2017.12.29"]
[Round "5"]
[White "Ahmadinia, Ebrahim"]
[Black "Kirschbaum, Heinrich"]
[Result "1-0"]
[WhiteElo "2400"]
[BlackElo "2060"]
[PlyCount "59"]
[EventDate "2017.12.27"]
[EventType "swiss"]
[EventRounds "7"]
[EventCountry "GER"]
[SourceTitle "CBM 182 Extra"]
[Source "ChessBase"]
[SourceDate "2018.02.23"]
[SourceVersion "1"]
[SourceVersionDate "2018.02.23"]
[SourceQuality "1"]

1. e4 g6 2. d4 Bg7 3. Nc3 d6 4. f4 a6 5. Nf3 b5 6. Bd3 Bb7 7. 0-0 e6 8. f5 e5 9. dxe5 dxe5 10. Ng5 Bf6 11. Qf3 c6 12. Qg3 Qe7 13. Be3 Nd7 14. a4 Bxg5 15. Bxg5 f6 16. Be3 g5 17. axb5 cxb5 18. Nd5 Bxd5 19. exd5 Qb4 20. c3 Qxb2 21. Rfb1 Qxc3 22. Bxb5 Rd8 23. Rxa6 Qc2 24. Rc1 Qxf5 25. Bc5 Kf7 26. Ra7 Ne7 27. Bxe7 Kxe7 28. Qa3+ Kf7 29. Qd6 Qf4 30. Rxd7+ 1-0

[Event "Berlin Spandau op"]
[Site "Berlin"]
[Date "2017.12.29"]
[Round "6"]
[White "Dzikowski, Michal"]
[Black "Ahmadinia, Ebrahim"]
[Result "0-1"]
[WhiteElo "2147"]
[BlackElo "2400"]
[PlyCount "178"]
[EventDate "2017.12.27"]
[EventType "swiss"]
[EventRounds "7"]
[EventCountry "GER"]
[SourceTitle "CBM 182 Extra"]
[Source "ChessBase"]
[SourceDate "2018.02.23"]
[SourceVersion "1"]
[SourceVersionDate "2018.02.23"]
[SourceQuality "1"]

1. d4 g6 2. Nf3 Bg7 3. g3 Nf6 4. c4 0-0 5. Bg2 d6 6. Nc3 Nc6 7. 0-0 a6 8. h3 Bd7 9. Re1 Rb8 10. e4 e5 11. dxe5 dxe5 12. Nd5 Ne8 13. Be3 f6 14. b4 Rf7 15. Rc1 Nd6 16. Bc5 Bf8 17. a4 b6 18. Nxb6 Rxb6 19. Bxb6 cxb6 20. c5 bxc5 21. bxc5 Nb7 22. Qd5 Qc8 23. Bf1 Be6 24. Qd3 Nxc5 25. Qe3 Na5 26. Rc3 Nab3 27. Rb1 Qd8 28. Rcxb3 Nxb3 29. Rxb3 Bxb3 30. Qxb3 Kg7 31. Bxa6 Qa8 32. Qd3 Bc5 33. Bb5 Qa7 34. Qe2 Rc7 35. Kg2 Qa5 36. g4 Qc3 37. Qd2 Bd4 38. Qxc3 Rxc3 39. Ne1 Ra3 40. Nd3 f5 41. gxf5 gxf5 42. exf5 Kf6 43. Kf3 Ra2 44. Ke4 Re2+ 45. Kf3 Rd2 46. Ke4 Bxf2 47. Nxe5 Rd4+ 48. Kf3 Kxe5 49. Kxf2 Kxf5 50. Ke3 Ke5 51. a5 Rh4 52. Bd7 Rh6 53. Bc8 Rc6 54. Bg4 Ra6 55. Kf3 Rxa5 56. Kg3 Kf6 57. Kh4 Kg6 58. Kg3 Ra4 59. Bd1 Rc4 60. Be2 Rd4 61. Bf3 Kg5 62. Bb7 h5 63. Bc8 Rd3+ 64. Kg2 h4 65. Bg4 Kf4 66. Kf2 Rd2+ 67. Kf1 Kg3 68. Ke1 Rf2 69. Be6 Kf3 70. Bd7 Ke3 71. Bg4 Rf6 72. Bd7 Rf8 73. Be6 Kf3 74. Bg4+ Kg2 75. Ke2 Re8+ 76. Kd2 Kf2 77. Kd3 Re3+ 78. Kd2 Rg3 79. Bd7 Rg7 80. Bf5 Rg5 81. Be6 Rg6 82. Bf5 Rd6+ 83. Kc2 Rd4 84. Be6 Ke3 85. Bf5 Rd2+ 86. Kc1 Rf2 87. Bd7 Kd3 88. Bb5+ Kc3 89. Kd1 Rf3 0-1

[Event "Berlin Lichtenrade op 13th"]
[Site "Berlin"]
[Date "2017.11.04"]
[Round "8"]
[White "Ahmadinia, Ebrahim"]
[Black "Stern, Rene"]
[Result "0-1"]
[WhiteElo "2400"]
[BlackElo "2522"]
[PlyCount "56"]
[EventDate "2017.10.28"]
[EventType "swiss"]
[EventRounds "9"]
[EventCountry "GER"]
[SourceTitle "CBM 181 Extra"]
[Source "ChessBase"]
[SourceDate "2017.12.12"]
[SourceVersion "1"]
[SourceVersionDate "2017.12.12"]
[SourceQuality "1"]

1. e4 e5 2. Nf3 Nc6 3. Nc3 Nf6 4. d4 exd4 5. Nxd4 Bb4 6. Nxc6 bxc6 7. Bd3 d5 8. exd5 cxd5 9. 0-0 0-0 10. h3 Re8 11. Qf3 Rb8 12. Bg5 c6 13. Rad1 Bd6 14. b3 Be5 15. Bf4 Qd6 16. Bxe5 Rxe5 17. Rfe1 Rxe1+ 18. Rxe1 Bd7 19. Qg3 Qxg3 20. fxg3 c5 21. g4 h6 22. Kf2 Kf8 23. Kg3 Re8 24. Rxe8+ Kxe8 25. Kf4 Ke7 26. Bb5 g5+ 27. Ke5 Be6 28. Bc6 Nxg4+ 0-1

[Event "Berlin Lichtenrade op 13th"]
[Site "Berlin"]
[Date "2017.10.29"]
[Round "2"]
[White "Ahmadinia, Ebrahim"]
[Black "Turbin, Yaroslav"]
[Result "1-0"]
[WhiteElo "2400"]
[BlackElo "1986"]
[PlyCount "89"]
[EventDate "2017.10.28"]
[EventType "swiss"]
[EventRounds "9"]
[EventCountry "GER"]
[SourceTitle "CBM 181 Extra"]
[Source "ChessBase"]
[SourceDate "2017.12.12"]
[SourceVersion "1"]
[SourceVersionDate "2017.12.12"]
[SourceQuality "1"]

1. e4 c5 2. Nf3 e6 3. c3 Nf6 4. e5 Nd5 5. Bc4 Nc6 6. 0-0 d6 7. d4 cxd4 8. cxd4 Be7 9. Qe2 Nb6 10. Bb3 d5 11. Nc3 Bd7 12. Bc2 Nc4 13. Rd1 Qa5 14. a3 b5 15. Ra2 b4 16. axb4 Qxb4 17. h4 N6a5 18. Bb1 Nb3 19. Bg5 a5 20. Bd3 Rc8 21. Bxe7 Kxe7 22. Bxc4 Rxc4 23. Qe3 h6 24. Nd2 Nxd2 25. Rxd2 a4 26. Qg3 Rg8 27. Qg4 Be8 28. Ra3 Bd7 29. Kh2 Be8 30. Qf4 Bd7 31. Ne2 Bb5 32. Rf3 Rf8 33. Rg3 Rg8 34. Rf3 Rf8 35. Ng3 Rc1 36. Nh5 g6 37. Ng7 Be8 38. Rdd3 Qe1 39. Qf6+ Kd7 40. Nxe6 fxe6 41. Qxf8 Qh1+ 42. Kg3 g5 43. Qd6+ Kc8 44. Rc3+ Kb7 45. Rb3+ 1-0

[Event "Berlin Lichtenberger op 16th"]
[Site "Berlin"]
[Date "2017.08.19"]
[Round "1"]
[White "Seefeld, Marc"]
[Black "Ahmadinia, Ebrahim"]
[Result "0-1"]
[WhiteElo "1924"]
[BlackElo "2398"]
[PlyCount "68"]
[EventDate "2017.08.19"]
[EventType "swiss"]
[EventRounds "9"]
[EventCountry "GER"]
[SourceTitle "CBM 180 Extra"]
[Source "ChessBase"]
[SourceDate "2017.10.06"]
[SourceVersion "1"]
[SourceVersionDate "2017.10.06"]
[SourceQuality "1"]

1. d4 d5 2. c4 c6 3. Nc3 Nf6 4. Nf3 dxc4 5. a4 Bf5 6. e3 e6 7. Bxc4 Bb4 8. 0-0 0-0 9. Qe2 Bg4 10. h3 Bh5 11. Rd1 Nbd7 12. e4 Rc8 13. e5 Nd5 14. Nxd5 cxd5 15. Bd3 a6 16. g4 Bg6 17. Bxg6 fxg6 18. Be3 Nb8 19. Ng5 Qd7 20. f4 Nc6 21. Nf3 Na5 22. Ne1 Nb3 23. Ra2 Qc6 24. Nd3 Qc4 25. Nc1 Qxe2 26. Nxe2 Rc2 27. Nc1 Bd2 28. Bxd2 Nxd2 29. b4 Nf3+ 30. Kf1 Rxa2 31. Nxa2 Rxf4 32. Ke2 Nxd4+ 33. Ke3 Re4+ 34. Kd3 Nc6 0-1

[Event "BL2-Nord 1617"]
[Site "Germany"]
[Date "2017.05.07"]
[Round "9.2"]
[White "Malek, Daniel"]
[Black "Ahmadinia, Ebrahim"]
[Result "0-1"]
[WhiteElo "2398"]
[BlackElo "2394"]
[PlyCount "150"]
[EventDate "2016.10.16"]
[EventType "team-tourn"]
[EventRounds "9"]
[EventCountry "GER"]
[SourceTitle "EXT 2018"]
[Source "ChessBase"]
[SourceDate "2017.10.13"]
[SourceVersion "1"]
[SourceVersionDate "2017.10.13"]
[SourceQuality "1"]
[WhiteTeam "Zehlendorf"]
[BlackTeam "Berlin SF II"]
[WhiteTeamCountry "GER"]
[BlackTeamCountry "GER"]

1. c4 e5 2. Nc3 Bb4 3. Nd5 Bc5 4. Nf3 c6 5. Nc3 d6 6. e3 Nf6 7. d4 exd4 8. exd4 Bb6 9. Be2 0-0 10. 0-0 Re8 11. Bg5 h6 12. Bh4 Bg4 13. a3 Nbd7 14. h3 Bh5 15. Qd2 Qe7 16. Rfe1 Qf8 17. g4 Bg6 18. Bd3 Bxd3 19. Qxd3 Rxe1+ 20. Rxe1 Re8 21. Rxe8 Qxe8 22. Bg3 d5 23. c5 Bd8 24. Qe3 Qxe3 25. fxe3 h5 26. Nh2 hxg4 27. hxg4 g6 28. Bf4 Nf8 29. Kg2 Ne6 30. Kf3 Nh7 31. Nf1 Nhg5+ 32. Ke2 f6 33. Bb8 a6 34. Ng3 Kf7 35. Kd3 Nf3 36. b4 Be7 37. Nf1 f5 38. gxf5 gxf5 39. Ne2 Ne1+ 40. Kd2 Nf3+ 41. Kc2 Bg5 42. Kc3 Kg6 43. a4 Kh5 44. b5 axb5 45. axb5 Kg4 46. b6 Ne1 47. Nh2+ Kh3 48. Kd2 Bh4 49. Nc3 f4 50. Bxf4 Nxf4 51. exf4 Kxh2 52. Nxd5 Nf3+ 53. Ke3 Kg2 54. Ke4 Nd2+ 55. Kd3 Nb3 56. Nb4 Na5 57. Ke4 Kg3 58. Nd3 Kg4 59. Ne5+ Kh5 60. Nd7 Kg6 61. f5+ Kf7 62. d5 Bf6 63. Nb8 Ke7 64. dxc6 bxc6 65. Na6 Kd7 66. Nb4 Nb3 67. Nd3 Bd4 68. Ne5+ Bxe5 69. Kxe5 Nxc5 70. f6 Nb7 71. Kf5 Nd6+ 72. Kg6 c5 73. Kg5 Kc6 74. Kf4 Kxb6 75. Ke3 Kc6 0-1

[Event "Berlin Spandau op 2nd"]
[Site "Berlin"]
[Date "2016.12.29"]
[Round "5"]
[White "Ahmadinia, Ebrahim"]
[Black "Hartmann, Jakob"]
[Result "1/2-1/2"]
[WhiteElo "2357"]
[BlackElo "2049"]
[PlyCount "126"]
[EventDate "2016.12.27"]
[EventType "swiss"]
[EventRounds "7"]
[EventCountry "GER"]
[SourceTitle "CBM 176 Extra"]
[Source "ChessBase"]
[SourceDate "2017.03.02"]
[SourceVersion "1"]
[SourceVersionDate "2017.03.02"]
[SourceQuality "1"]

1. e4 e5 2. Nf3 Nc6 3. Bc4 Bc5 4. c3 Nf6 5. d3 a6 6. 0-0 d6 7. Bb3 Ba7 8. Re1 h6 9. Nbd2 0-0 10. h3 Be6 11. Bc2 Ne7 12. Nf1 Ng6 13. Ng3 Qd7 14. d4 c6 15. Be3 Qc7 16. Qc1 Rfe8 17. a4 a5 18. b3 Bb6 19. Qb2 Rad8 20. Rad1 Rd7 21. c4 exd4 22. Nxd4 Rdd8 23. Kh1 Bc8 24. f4 Bc5 25. Bc1 Qb6 26. Ndf5 Bf2 27. Re2 Bxg3 28. Nxg3 Nf8 29. Be3 c5 30. Red2 Qc7 31. Kh2 b6 32. f5 N8h7 33. Bf4 Ng5 34. Rxd6 Rxd6 35. Bxd6 Qc6 36. e5 Bb7 37. Bb1 Nfe4 38. Rd3 Rd8 39. h4 Nxg3 40. Rxg3 Ne4 41. Bxe4 Qxe4 42. e6 Qxh4+ 43. Rh3 Qe4 44. Rg3 Qh4+ 45. Kg1 f6 46. e7 Re8 47. Qf2 Qe4 48. Re3 Qd4 49. Bc7 Qd1+ 50. Qe1 Qc2 51. Qf2 Qd1+ 52. Qe1 Qc2 53. Qf1 Qd2 54. Qe2 Qd4 55. Bd8 Bc8 56. g4 Bb7 57. Kh2 Qf4+ 58. Kh3 h5 59. gxh5 Qxf5+ 60. Kg3 Qg5+ 61. Kf2 Qh4+ 62. Kg1 Qh1+ 63. Kf2 Qh4+ 1/2-1/2

[Event "Berlin Spandau op 2nd"]
[Site "Berlin"]
[Date "2016.12.27"]
[Round "1"]
[White "Ahmadinia, Ebrahim"]
[Black "Bielick, Jakob"]
[Result "1-0"]
[WhiteElo "2357"]
[BlackElo "1780"]
[PlyCount "27"]
[EventDate "2016.12.27"]
[EventType "swiss"]
[EventRounds "7"]
[EventCountry "GER"]
[SourceTitle "CBM 176 Extra"]
[Source "ChessBase"]
[SourceDate "2017.03.02"]
[SourceVersion "1"]
[SourceVersionDate "2017.03.02"]
[SourceQuality "1"]

1. e4 e5 2. Nf3 Nc6 3. Bc4 Nf6 4. d3 Qe7 5. c3 Na5 6. Bb5 c6 7. Ba4 b5 8. Bc2 c5 9. 0-0 g6 10. b4 cxb4 11. cxb4 Nc6 12. Nc3 Nxb4 13. Nxb5 Qc5 14. Ba4 1-0

[Event "Berlin Lichtenrade op 12th"]
[Site "Berlin"]
[Date "2016.10.24"]
[Round "3"]
[White "Rettore, Ludwig"]
[Black "Ahmadinia, Ebrahim"]
[Result "0-1"]
[WhiteElo "2087"]
[BlackElo "2370"]
[PlyCount "148"]
[EventDate "2016.10.22"]
[EventType "swiss"]
[EventRounds "9"]
[EventCountry "GER"]
[SourceTitle "EXT 2018"]
[Source "ChessBase"]
[SourceDate "2017.10.13"]
[SourceVersion "1"]
[SourceVersionDate "2017.10.13"]
[SourceQuality "1"]

1. Nf3 g6 2. e4 Bg7 3. d4 d6 4. Bd3 c5 5. c3 Nf6 6. Nbd2 0-0 7. 0-0 cxd4 8. cxd4 Nc6 9. Re1 Bg4 10. h3 Bxf3 11. Nxf3 Nd7 12. Be3 d5 13. exd5 Nb4 14. d6 exd6 15. Bg5 Qb6 16. Bc4 Nc6 17. Be3 Na5 18. b3 Qd8 19. Bg5 Nf6 20. Bf1 h6 21. Bh4 Nc6 22. Rc1 Qa5 23. a4 a6 24. Bg3 Rfd8 25. Bc4 Nd5 26. Qd3 Kh7 27. h4 Ndb4 28. Qd2 d5 29. Bf1 Qb6 30. Be5 Re8 31. Bxg7 Kxg7 32. h5 Re4 33. hxg6 fxg6 34. Rxe4 dxe4 35. d5 exf3 36. dxc6 Nxc6 37. Qd7+ Kh8 38. Qe6 Rg8 39. Bc4 Rg7 40. gxf3 Qd8 41. Re1 Kh7 42. Qe8 Qf6 43. Re3 Nd4 44. Kg2 Nf5 45. Rd3 h5 46. Rd8 Re7 47. Qg8+ Kh6 48. Qh8+ Qxh8 49. Rxh8+ Kg5 50. Bd3 Re6 51. Rh7 Rb6 52. Be4 Rxb3 53. Rxb7 Rxb7 54. Bxb7 a5 55. Bc6 Kf4 56. Be8 Ne7 57. Bf7 h4 58. Be8 g5 59. Bd7 Ng6 60. Bc6 Ne5 61. Bd5 Nxf3 62. Kh3 Ne1 63. Bc6 Nd3 64. Kg2 Ke5 65. Kf3 Kd4 66. Be8 Ne5+ 67. Kg2 Kd3 68. Bb5+ Kd2 69. Kh3 Ke1 70. Kg2 h3+ 71. Kxh3 Kxf2 72. Ba6 g4+ 73. Kh4 g3 74. Bb7 Nf3+ 0-1